Minecraft Capes by Picture - Statistics

General Stats
  • This quiz has been taken 26 times
    10 since last reset
  • The average score is 27 of 41
Answer Stats
Picture Hint Answer % Correct
Progress Pride Cape
88%
Temporary 1st Birthday Cape
75%
Birthday Cape
75%
Cherry Blossom Cape
75%
Temporary Christmas 2010 Cape
75%
Follower`s Cape
75%
Founder`s Cape
75%
MCC 15th Year Cape
75%
Menace Cape
75%
Migrator Cape
75%
MINECON 2012 Cape
75%
MINECON 2013 Cape
75%
MINECON 2016 Cape
75%
Minecraft Experience Cape
75%
Purple Heart Cape
75%
Realms MapMaker Cape
75%
Snowman Cape
75%
Spade Cape
75%
Translator Cape
75%
Valentine Cape
75%
Vanilla Cape
75%
Yearn Cape
75%
Removed Bacon Cape
63%
Cobalt Cape
63%
dB Cape
63%
Home Cape
63%
Microsoft Xbox Cape
63%
Millionth Customer Cape
63%
MINECON 2011 Cape
63%
MINECON 2015 Cape
63%
Mojang Cape
63%
Mojang Office Cape
63%
Mojira Moderator Cape
63%
The Pan Cape!
63%
Turtle Cape
63%
15th Anniversary Cape
50%
Mojang Studios Cape
50%
Prismarine Cape
50%
Scrolls Champion Cape
38%
Mojang Cape (Classic)
25%
Temporary New Year 2011 Cape
13%
No matching quizzes found
Score Distribution
Percent of People with Each Score
Percentile by Number Answered
Your Score History
You have not taken this quiz since the last reset